Arab Foods - Statistics

General Stats
  • This quiz has been taken 94 times
  • The average score is 6 of 16
Answer Stats
Picture Answer % Correct
hummus
95%
falafel
80%
shawarma
75%
wara enab
56%
knafeh
44%
baba ghanoush
41%
tabouleh
41%
couscous
37%
bamya
35%
basbousa
33%
kofta
25%
molokhiya
23%
labneh
17%
fasolia
15%
kosa
12%
macarona bechamel
4%
No matching quizzes found
Score Distribution
Percent of People with Each Score
Percentile by Number Answered
Your Score History
You have not taken this quiz